Online
Catalog

Capablanca : (Record no. 6935)

MARC details
000 -CABECERA
campo de control de longitud fija 00543cam a2200169 a 4500
001 - NÚMERO DE CONTROL
campo de control 000007154
005 - FECHA Y HORA DE LA ÚLTIMA TRANSACCIÓN
campo de control 20200929154100.0
008 - DATOS DE LONGITUD FIJA--INFORMACIÓN GENERAL
campo de control de longitud fija 951120s1990 cu a f001 0 spa
040 ## - FUENTE DE LA CATALOGACIÓN
Centro catalogador/agencia de origen DO-SdBNP
Lengua de catalogación spa
Centro/agencia transcriptor BNPHU
082 ## - NÚMERO DE LA CLASIFICACIÓN DECIMAL DEWEY
Número de clasificación 927.91
Número de documento/Ítem C236D
100 1# - ENTRADA PRINCIPAL--NOMBRE DE PERSONA
Nombre de persona Daubar, Jorge,
Fechas asociadas al nombre 1942-
9 (RLIN) 19858
245 10 - MENCIÓN DE TÍTULO
Título Capablanca :
Resto del título biografía /
Mención de responsabilidad, etc. Jorge Daubar.
260 ## - PUBLICACIÓN, DISTRIBUCIÓN, ETC.
Lugar de publicación, distribución, etc. La Habana, (Cuba) :
Nombre del editor, distribuidor, etc. Científico-Técnica,
Fecha de publicación, distribución, etc. 1990.
300 ## - DESCRIPCIÓN FÍSICA
Extensión 240 p. :
Otras características físicas il. ;
Dimensiones 23 cm.
600 10 - PUNTO DE ACCESO ADICIONAL DE MATERIA--NOMBRE DE PERSONA
Nombre de persona CAPABLANCA, JOSÉ RAÚL,
Fechas asociadas al nombre 1888-1942.
9 (RLIN) 12562
650 #0 - PUNTO DE ACCESO ADICIONAL DE MATERIA--TÉRMINO DE MATERIA
Término de materia o nombre geográfico como elemento de entrada Ajedrez
Subdivisión geográfica Cuba
Subdivisión de forma BIOGRAFÍA.
9 (RLIN) 19859
Holdings
Estado de retiro Estado de pérdida Restricciones de uso No para préstamo Código de colección Localización permanente Ubicación/localización actual Ubicación en estantería Fecha de adquisición Número de inventario Total de préstamos Signatura topográfica completa Código de barras Fecha visto por última vez Precio válido a partir de Tipo de ítem Koha Número de copia
      Excluido de préstamo Monografías: Libros y Folletos General General Depósito 04.09.2009 LF1   927.91 C236D 7154-10 25.06.2020 25.06.2020 No se presta  
  Extraviado   Excluido de préstamo Monografías: Libros y Folletos General General Extraviado 29.05.2017 LF1   927.91 C236D 7154-20 25.06.2020 25.06.2020 No se presta e. 2

Powered by Koha